000 003640000a22001570004500
001 002615
003 MACL
040 _aMACL
090 _c14608
_d14607
100 _aAhluwalia, Shashi
245 _aLiving Faiths in Modern India
_cShashi Ahluwalia
260 _aIndian Publishers Distributors,
_c1992
350 _a500
650 _aReligion
942 _k294
_cBook
999 _c14524
_d14524